Statistiques concernant Tableau perpétuel des médailles olympiques - Athlétisme

Cliquez ici pour prendre le quiz!

Statistiques générales

  • Ce quiz a été pris 170 fois
  • Le résultat moyen est 23 sur 30

Statistiques - réponses

PaysOABTotal% Correct
États-UnisUSA 344 270 214 828
100%
FranceFRA 14 26 30 70
99%
AllemagneGER 23 46 44 113
96%
Allemagne de l'OuestFRG 12 14 17 43
96%
Grande BretagneGBR 56 83 72 211
95%
CanadaCAN 15 18 31 64
94%
ChineCHN 11 12 16 39
94%
RussieRUS 18 21 19 58
92%
JaponJPN 7 10 10 27
91%
SuèdeSWE 20 23 41 84
91%
JamaïqueJAM 26 36 25 87
90%
AustralieAUS 21 27 28 76
88%
KenyaKEN 34 4131 106
87%
ItalieITA 24 15 26 65
86%
NorvègeNOR 8 7 8 23
82%
URSSURS 7366
77
214
82%
EthiopieETH 23 12 23 58
80%
PolognePOL 29 20 17 66
79%
FinlandeFIN 48 36 30 114
77%
Pays-BasNED 8 7 9 24
76%
MarocMAR 7 5 8 20
64%
Allemagne de l'EstGDR 38 36 35 109
63%
Nouvelle-ZélandeNZL 10 3 13 26
60%
Afrique du SudRSA 9 13 6 28
59%
GrèceGRE 8 12 10 30
58%
CubaCUB 11 14 20 45
57%
RoumanieROU 11 14 10 35
55%
TchécoslovaquieTCH 11 8 5 24
55%
HongrieHUN 10 12 18 40
51%
BahamasBAH 7 2 5 14
24%

Distribution des résultats

Percentile par nombre de réponses

% des personnes avec chaque résultat

Votre développement - résultats

Vous n’avez pas pris ce quiz